[Event "Gothenburg Kvibergspelen"]
[Site "Gothenburg"]
[Date "2023.09.17"]
[Round "8"]
[White "Fransson, Angelina"]
[Black "Cederstam Barsk, Carl"]
[Result "0-1"]
[WhiteElo "1982"]
[BlackElo "2232"]
[PlyCount "90"]
[EventDate "2023.09.15"]
[EventType "swiss"]
[EventRounds "8"]
[EventCountry "SWE"]
[SourceTitle "EXT 2024"]
[Source "ChessBase"]
[SourceDate "2023.10.10"]
[SourceVersion "1"]
[SourceVersionDate "2023.10.10"]
[SourceQuality "1"]

1. e4 c5 2. Nf3 d6 3. Bb5+ Nc6 4. c3 Nf6 5. 0-0 g5 6. d4 g4 7. Nfd2 Bd7 8. e5 dxe5 9. Bxc6 Bxc6 10. dxe5 Qd5 11. Nf3 gxf3 12. exf6 Qh5 13. Bf4 Bh6 14. Qe1 0-0-0 15. Qe5 Qxe5 16. Bxe5 fxg2 17. Re1 Rhe8 18. Na3 Bd2 19. Red1 exf6 20. Bxf6 Rd5 21. Nc4 Bf4 22. Bh4 Re4 23. Na5 Rxd1+ 24. Rxd1 Bxh2+ 25. Kxg2 Rxh4+ 26. Nxc6 bxc6 27. Rh1 Kd7 28. Rxh2 Rxh2+ 29. Kxh2 Ke6 30. Kg3 Kf5 31. Kf3 f6 32. b3 Ke5 33. Ke3 a6 34. a4 h6 35. Kd3 Kf4 36. Kc4 h5 37. Kxc5 h4 38. Kxc6 h3 39. Kb6 h2 40. c4 h1Q 41. b4 Qa8 42. c5 Ke5 43. f3 Kd5 44. Ka5 Kc6 45. f4 Qd8+ 0-1

[Event "Gothenburg Kvibergspelen"]
[Site "Gothenburg"]
[Date "2023.09.16"]
[Round "6"]
[White "Larkin, Vladislav"]
[Black "Cederstam Barsk, Carl"]
[Result "1-0"]
[WhiteElo "2464"]
[BlackElo "2232"]
[PlyCount "123"]
[EventDate "2023.09.15"]
[EventType "swiss"]
[EventRounds "8"]
[EventCountry "SWE"]
[SourceTitle "EXT 2024"]
[Source "ChessBase"]
[SourceDate "2023.10.10"]
[SourceVersion "1"]
[SourceVersionDate "2023.10.10"]
[SourceQuality "1"]

1. d4 d5 2. Bf4 c5 3. e3 Nf6 4. c3 e6 5. Nd2 Bd6 6. Bg3 Qc7 7. Bd3 Nbd7 8. Bxd6 Qxd6 9. f4 h6 10. Ngf3 g5 11. 0-0 gxf4 12. exf4 Qxf4 13. Qe2 Ng4 14. Rae1 cxd4 15. cxd4 h5 16. Nb3 Ndf6 17. g3 Qc7 18. Rc1 Qd6 19. Nh4 Bd7 20. Nc5 Ne4 21. Bxe4 dxe4 22. Qxe4 Bc6 23. Nf5 Qxc5 24. dxc5 Bxe4 25. Nd6+ Kf8 26. Nxe4 f5 27. Ng5 Rh6 28. Rce1 Re8 29. h3 Rg6 30. Nxe6+ Rgxe6 31. Rxe6 Rxe6 32. hxg4 hxg4 33. Rxf5+ Ke8 34. Kf2 Kd7 35. b4 Kc6 36. a4 a6 37. a5 Kb5 38. Rf4 Rg6 39. Ke2 Ka4 40. Kd3 Kb3 41. Rd4 Rg7 42. Re4 Rg6 43. Ke3 Kc3 44. Kf4 Rg7 45. Kf5 Rf7+ 46. Kxg4 Rg7+ 47. Kf3 Kd3 48. Re6 Rf7+ 49. Kg4 Kc4 50. Rb6 Kd5 51. Kg5 Rg7+ 52. Rg6 Re7 53. g4 Ke5 54. Kh6 Re8 55. Rb6 Re7 56. g5 Kf5 57. g6 Re4 58. Kg7 Re7+ 59. Kf8 Rc7 60. Kg8 Kg5 61. g7 Kh5 62. Kh8 1-0

[Event "Gothenburg Kvibergspelen"]
[Site "Gothenburg"]
[Date "2023.09.15"]
[Round "3"]
[White "Cederstam Barsk, Carl"]
[Black "Hansen, Sune Berg"]
[Result "1-0"]
[WhiteElo "2232"]
[BlackElo "2512"]
[PlyCount "61"]
[EventDate "2023.09.15"]
[EventType "swiss"]
[EventRounds "8"]
[EventCountry "SWE"]
[SourceTitle "EXT 2024"]
[Source "ChessBase"]
[SourceDate "2023.10.10"]
[SourceVersion "1"]
[SourceVersionDate "2023.10.10"]
[SourceQuality "1"]

1. c4 e5 2. g3 Nc6 3. Bg2 Bc5 4. Nc3 a6 5. e3 Nge7 6. Nf3 Ba7 7. 0-0 d6 8. h3 0-0 9. d4 Bd7 10. dxe5 dxe5 11. b3 Ng6 12. Ba3 Re8 13. Ne4 Bf5 14. Qc2 h5 15. Rad1 Qc8 16. Kh2 a5 17. Nh4 Nxh4 18. gxh4 Nb4 19. Qe2 Bg6 20. Rg1 Rd8 21. Rxd8+ Qxd8 22. Ng5 c6 23. Bf3 Qf6 24. Bxh5 Bxh5 25. Qxh5 Qxf2+ 26. Rg2 Qf5 27. Bc1 e4 28. Bb2 Rd8 29. Bxg7 Bb8+ 30. Kg1 Qg6 31. Qh8# 1-0

[Event "Reykjavik op"]
[Site "Reykjavik"]
[Date "2023.04.03"]
[Round "8"]
[White "Cederstam Barsk, Carl"]
[Black "Carey, Michael P"]
[Result "1-0"]
[WhiteElo "2255"]
[BlackElo "1852"]
[PlyCount "81"]
[EventDate "2023.03.29"]
[EventType "swiss"]
[EventRounds "9"]
[EventCountry "ISL"]
[SourceTitle "EXT 2024"]
[Source "ChessBase"]
[SourceDate "2023.10.10"]
[SourceVersion "1"]
[SourceVersionDate "2023.10.10"]
[SourceQuality "1"]

1. d4 Nf6 2. c4 c5 3. d5 b5 4. cxb5 a6 5. bxa6 g6 6. Nc3 Bg7 7. e4 0-0 8. a7 Rxa7 9. Nf3 e6 10. Be2 exd5 11. exd5 d6 12. 0-0 Na6 13. a4 Nb4 14. Bf4 Re8 15. Bb5 Ree7 16. Bc4 Ne4 17. Qc1 Ba6 18. Nb5 Bxb5 19. axb5 Rxa1 20. Qxa1 h6 21. h4 Nf6 22. Qc1 Kh7 23. Rd1 Ne4 24. g3 Re8 25. Nd2 Nf6 26. Nb1 Ng4 27. Nc3 Ne5 28. Be2 Qd7 29. Kg2 Qf5 30. Qb1 Qd7 31. h5 Kh8 32. hxg6 Nxg6 33. Be3 Qb7 34. Qc1 Kh7 35. Bf3 f5 36. Rh1 f4 37. gxf4 Qf7 38. Ne4 Qf5 39. Nxd6 Nh4+ 40. Rxh4 Qg6+ 41. Rg4 1-0

[Event "Reykjavik op"]
[Site "Reykjavik"]
[Date "2023.04.02"]
[Round "7"]
[White "Agustsson, Hafsteinn"]
[Black "Cederstam Barsk, Carl"]
[Result "0-1"]
[WhiteElo "1762"]
[BlackElo "2255"]
[PlyCount "106"]
[EventDate "2023.03.29"]
[EventType "swiss"]
[EventRounds "9"]
[EventCountry "ISL"]
[SourceTitle "EXT 2024"]
[Source "ChessBase"]
[SourceDate "2023.10.10"]
[SourceVersion "1"]
[SourceVersionDate "2023.10.10"]
[SourceQuality "1"]

1. Nf3 d5 2. g3 Nf6 3. Bg2 e6 4. 0-0 c5 5. d3 Nc6 6. Re1 Be7 7. Nbd2 e5 8. e4 d4 9. Nc4 Nd7 10. Bh3 Qc7 11. a4 h5 12. Ng5 Nf8 13. f4 Bxg5 14. Bxc8 Rxc8 15. fxg5 Na5 16. Nxa5 Qxa5 17. Bd2 Qa6 18. b3 h4 19. Qg4 Qe6 20. Qf5 hxg3 21. hxg3 Ng6 22. Qxe6+ fxe6 23. Kg2 b6 24. Rh1 Ke7 25. Rxh8 Rxh8 26. Rh1 Rc8 27. Rf1 a6 28. Ra1 Kf7 29. Rf1+ Kg8 30. Ra1 Nh8 31. Rh1 Kf7 32. c4 dxc3 33. Bxc3 Kg6 34. Bxe5 Nf7 35. Bf4 e5 36. Be3 a5 37. Rf1 Rd8 38. Rd1 Rd7 39. Kf3 Nd8 40. Ke2 Nc6 41. Rf1 Nb4 42. Rd1 Rd8 43. Bd2 Rxd3 44. Bxb4 Rxd1 45. Bxc5 Rb1 46. Bxb6 Rxb3 47. Bxa5 Ra3 48. Bd2 Rxa4 49. Kf3 Kh5 50. Bc1 Rb4 51. g4+ Kg6 52. Bd2 Rb3+ 53. Kf2 Rb2 0-1

[Event "Reykjavik op"]
[Site "Reykjavik"]
[Date "2023.03.31"]
[Round "4"]
[White "Cederstam Barsk, Carl"]
[Black "Krassel, Timofei"]
[Result "1-0"]
[WhiteElo "2255"]
[BlackElo "1880"]
[PlyCount "71"]
[EventDate "2023.03.29"]
[EventType "swiss"]
[EventRounds "9"]
[EventCountry "ISL"]
[SourceTitle "CBM 213 Extra"]
[Source "ChessBase"]
[SourceDate "2023.05.31"]
[SourceVersion "1"]
[SourceVersionDate "2023.05.31"]
[SourceQuality "1"]

1. e4 e5 2. Nf3 Nc6 3. Bb5 a6 4. Ba4 Nf6 5. 0-0 Be7 6. Re1 b5 7. Bb3 0-0 8. a4 d5 9. axb5 dxe4 10. bxc6 exf3 11. Qxf3 e4 12. Qe2 Bd6 13. h3 Re8 14. Nc3 Re5 15. Ra4 Bxh3 16. Nxe4 Bg4 17. Qe3 Nxe4 18. Rxe4 Rxe4 19. Qxe4 Qh4 20. g3 Qh5 21. Qd5 Qg6 22. d4 Be6 23. Qf3 Bxb3 24. Qxb3 h5 25. c4 Rd8 26. Qf3 Bb4 27. Rd1 h4 28. Bf4 hxg3 29. Bxg3 Bd6 30. c5 Bxg3 31. fxg3 Rb8 32. Re1 Rxb2 33. Re8+ Kh7 34. Qh1+ Qh6 35. Qxh6+ Kxh6 36. d5 1-0

[Event "Reykjavik op"]
[Site "Reykjavik"]
[Date "2023.03.29"]
[Round "1"]
[White "Fuchs, Elmar"]
[Black "Cederstam Barsk, Carl"]
[Result "1/2-1/2"]
[WhiteElo "1973"]
[BlackElo "2255"]
[PlyCount "236"]
[EventDate "2023.03.29"]
[EventType "swiss"]
[EventRounds "9"]
[EventCountry "ISL"]
[SourceTitle "CBM 213 Extra"]
[Source "ChessBase"]
[SourceDate "2023.05.31"]
[SourceVersion "1"]
[SourceVersionDate "2023.05.31"]
[SourceQuality "1"]

1. d4 d5 2. Nc3 Nf6 3. Bf4 e6 4. e3 Bb4 5. Bd3 c5 6. dxc5 Nbd7 7. Nge2 a6 8. Bg3 Bxc5 9. 0-0 0-0 10. e4 d4 11. Nb1 Nh5 12. Nd2 e5 13. f4 exf4 14. Bxf4 Nxf4 15. Nxf4 Ne5 16. h3 Qg5 17. Qh5 Qxh5 18. Nxh5 b5 19. Kh1 Bd7 20. Ng3 Rfd8 21. Nf3 f6 22. Nh4 Rac8 23. Rac1 Bb4 24. a3 Bf8 25. Ne2 Be6 26. Nf5 Nc6 27. a4 bxa4 28. Bxa6 Rb8 29. Ra1 Rb4 30. c3 Rxb2 31. Nexd4 Nxd4 32. Nxd4 Bd7 33. Bc4+ Kh8 34. Rfd1 Rdb8 35. Nf5 Be8 36. Nd6 Bxd6 37. Rxd6 Rb1+ 38. Rxb1 Rxb1+ 39. Kh2 Rb8 40. Ra6 h5 41. Bd5 Kh7 42. c4 Rb2 43. c5 Rc2 44. c6 Rc5 45. Rxa4 Bxc6 46. Bxc6 Rxc6 47. Kg3 g5 48. Kf3 Rc3+ 49. Kf2 h4 50. Rb4 Kg6 51. Rb5 Kf7 52. Rb6 Ke7 53. Ke2 Kf7 54. Kf2 Rg3 55. Ra6 Rb3 56. Rc6 Rb2+ 57. Kf3 Rd2 58. Rb6 Ke7 59. Ra6 Rd6 60. Ra8 Ke6 61. Ra2 Rb6 62. Ke3 Rb5 63. Ra3 Kd6 64. Rc3 Rb6 65. Ra3 Rb2 66. Kf3 Rd2 67. Rc3 Ke6 68. Rb3 Rc2 69. Ra3 Rc1 70. Rd3 Re1 71. Rb3 Kf7 72. Rb2 Ke6 73. Rb3 Kd6 74. Rb5 Rf1+ 75. Ke2 Rf4 76. Ke3 Ke6 77. Rc5 Kf7 78. Ra5 Kg6 79. Rb5 Rf1 80. Ke2 Ra1 81. Kf3 Ra3+ 82. Kf2 Rg3 83. Ra5 Kf7 84. Ra6 Ke7 85. Rb6 Ra3 86. Rc6 Rd3 87. Ke2 Rb3 88. Kf2 Rb2+ 89. Kf3 Rd2 90. Ra6 Rd6 91. Ra7+ Ke6 92. Ra3 Rc6 93. Rb3 Rc4 94. Rd3 Rc1 95. Ra3 Re1 96. Rc3 Kf7 97. Rc6 Kg6 98. Rb6 g4+ 99. hxg4 Rf1+ 100. Ke2 Rf4 101. Ke3 Rxg4 102. e5 Rxg2 103. Rxf6+ Kg7 104. Kf3 Rg1 105. Rf4 Rf1+ 106. Kg4 Rh1 107. e6 h3 108. e7 Re1 109. Kxh3 Rxe7 110. Kg3 Re3+ 111. Rf3 Re4 112. Rf4 Re3+ 113. Rf3 Re4 114. Rf4 Re3+ 115. Rf3 Re4 116. Rf4 Re3+ 117. Rf3 Re4 118. Rf4 Re3+ 1/2-1/2

[Event "Rilton Cup 50th"]
[Site "Stockholm"]
[Date "2023.01.05"]
[Round "9"]
[White "Ostlund, Joar"]
[Black "Cederstam Barsk, Carl"]
[Result "1-0"]
[WhiteElo "2212"]
[BlackElo "2276"]
[PlyCount "67"]
[EventDate "2022.12.27"]
[EventType "swiss"]
[EventRounds "9"]
[EventCountry "SWE"]
[SourceTitle "CBM 212 Extra"]
[Source "ChessBase"]
[SourceDate "2023.03.31"]
[SourceVersion "1"]
[SourceVersionDate "2023.03.31"]
[SourceQuality "1"]

1. d4 d5 2. c4 c6 3. Nf3 Nf6 4. Nc3 e6 5. Bg5 h6 6. Bxf6 Qxf6 7. e3 Nd7 8. Be2 dxc4 9. 0-0 g6 10. Ne4 Qe7 11. Ne5 Bg7 12. f4 0-0 13. Bxc4 Nf6 14. Nxf6+ Bxf6 15. Qf3 Bd7 16. g4 Rad8 17. Rac1 Bc8 18. Qg3 a5 19. f5 Bxe5 20. Qxe5 b5 21. f6 Qa7 22. Bd3 Rd5 23. Qf4 Rg5 24. Kh1 Kh7 25. Qd6 Kg8 26. Rf4 Rd5 27. Qe7 Rd7 28. Qc5 Qb8 29. Be4 Rd6 30. Rf3 e5 31. Qxe5 Bxg4 32. Rg3 Re8 33. Qf4 Rde6 34. Qxb8 1-0

[Event "Rilton Cup 50th"]
[Site "Stockholm"]
[Date "2022.12.27"]
[Round "1"]
[White "Westerberg, Jonathan"]
[Black "Cederstam Barsk, Carl"]
[Result "1/2-1/2"]
[WhiteElo "2476"]
[BlackElo "2276"]
[PlyCount "87"]
[EventDate "2022.12.27"]
[EventType "swiss"]
[EventRounds "9"]
[EventCountry "SWE"]
[SourceTitle "CBM 212 Extra"]
[Source "ChessBase"]
[SourceDate "2023.03.31"]
[SourceVersion "1"]
[SourceVersionDate "2023.03.31"]
[SourceQuality "1"]

1. c4 e6 2. Nf3 d5 3. g3 Nf6 4. Bg2 d4 5. 0-0 c5 6. e3 Nc6 7. exd4 cxd4 8. d3 Bd6 9. Bg5 h6 10. Bxf6 Qxf6 11. Nbd2 Qd8 12. Re1 0-0 13. a3 a5 14. Rc1 e5 15. c5 Bc7 16. Nc4 Re8 17. Nfd2 Re7 18. Ne4 Be6 19. Ned6 Bxd6 20. cxd6 Rd7 21. Bxc6 bxc6 22. Rxe5 Bxc4 23. Rxc4 Rxd6 24. Qf3 Qd7 25. Qe4 g6 26. Kg2 Rb8 27. b4 axb4 28. axb4 Kf8 29. Rec5 Re8 30. Re5 Rb8 31. Qh4 Kg7 32. Re7 Qd8 33. Qe4 Kf8 34. Qe5 Kg8 35. Re8+ Qxe8 36. Qxd6 Kh7 37. Rxd4 Rb5 38. Re4 Qc8 39. Rc4 Qb7 40. Re4 Rf5 41. g4 Rd5 42. Qf6 Qd7 43. h3 Rd6 44. Qe7 1/2-1/2

[Event "Stockholm Elite Hotels GP"]
[Site "Stockholm"]
[Date "2022.11.06"]
[Round "8"]
[White "Cederstam Barsk, Carl"]
[Black "Hillarp Persson, Tiger"]
[Result "1/2-1/2"]
[WhiteElo "2238"]
[BlackElo "2519"]
[PlyCount "142"]
[EventDate "2022.11.04"]
[EventType "swiss"]
[EventRounds "8"]
[EventCountry "SWE"]
[SourceTitle "EXT 2024"]
[Source "ChessBase"]
[SourceDate "2023.10.10"]
[SourceVersion "1"]
[SourceVersionDate "2023.10.10"]
[SourceQuality "1"]

1. e4 c5 2. Nf3 e6 3. g3 Nf6 4. Qe2 d5 5. exd5 Nxd5 6. Bg2 Nc6 7. 0-0 Be7 8. c3 0-0 9. Rd1 Bf6 10. d4 cxd4 11. cxd4 b6 12. Nc3 Ncb4 13. Ne5 Ba6 14. Qf3 Rc8 15. Nxd5 Nxd5 16. Qa3 Bb7 17. Qxa7 Qc7 18. Qa4 Bxe5 19. dxe5 Qxe5 20. Qd4 Qb8 21. Qh4 b5 22. Rd4 Qc7 23. Qh5 Qb6 24. Qd1 Ne7 25. Bxb7 Qxb7 26. Rd7 Rc7 27. Rxc7 Qxc7 28. Bf4 Qb7 29. Qd6 Nd5 30. Rc1 h5 31. Bd2 Rc8 32. Re1 h4 33. gxh4 Rc4 34. h3 Ne7 35. Qd8+ Kh7 36. Qd3+ Nf5 37. Re5 Rd4 38. Qc2 Qf3 39. Re3 Qd5 40. Bc3 Rxh4 41. Qd3 Qc6 42. Rg3 f6 43. Rg4 Rh5 44. f4 b4 45. Be1 Qc1 46. Qd2 Qb1 47. Kh2 Qxa2 48. Qxb4 Qa6 49. Qe4 Qf1 50. Rh4 Kh6 51. Rxh5+ Kxh5 52. b4 Kh6 53. b5 Qxb5 54. Qxe6 Qb2+ 55. Kh1 Nd4 56. Qg4 Qb7+ 57. Kg1 Qe4 58. Qh4+ Kg6 59. Qg4+ Kf7 60. Kf2 Qc2+ 61. Kf1 Qe4 62. Kf2 Nf5 63. Qh5+ Kg8 64. Qf3 Qd4+ 65. Kf1 Ne3+ 66. Ke2 Nd5 67. Bd2 Kf7 68. Ke1 Qg1+ 69. Ke2 Qd4 70. Ke1 Ne7 71. Qb3+ Nd5 1/2-1/2

[Event "Stockholm Elite Hotels GP"]
[Site "Stockholm"]
[Date "2022.11.05"]
[Round "6"]
[White "Cederstam Barsk, Carl"]
[Black "Thorn, Eric"]
[Result "1-0"]
[WhiteElo "2238"]
[BlackElo "2403"]
[PlyCount "119"]
[EventDate "2022.11.04"]
[EventType "swiss"]
[EventRounds "8"]
[EventCountry "SWE"]
[SourceTitle "EXT 2024"]
[Source "ChessBase"]
[SourceDate "2023.10.10"]
[SourceVersion "1"]
[SourceVersionDate "2023.10.10"]
[SourceQuality "1"]

1. e4 e5 2. Nf3 Nc6 3. Bb5 a6 4. Ba4 Nf6 5. 0-0 Be7 6. Re1 b5 7. Bb3 d6 8. c3 0-0 9. h3 Na5 10. Bc2 c5 11. d4 Qc7 12. d5 Bd7 13. b3 Nb7 14. a4 b4 15. Bd3 g6 16. Bh6 Rfe8 17. Qe2 Na5 18. Nfd2 Qb7 19. g4 Bf8 20. Bg5 Be7 21. Bh6 Bf8 22. Be3 h5 23. g5 Nh7 24. Kh2 Bg7 25. Rg1 Rf8 26. cxb4 cxb4 27. Ra2 f6 28. h4 fxg5 29. hxg5 Rf4 30. f3 Rh4+ 31. Kg3 Rh3+ 32. Kg2 Rf8 33. Bxa6 Qb8 34. Bb5 Bc8 35. Qd3 h4 36. Rc2 Qb7 37. Kf2 Rh2+ 38. Ke1 Qf7 39. Nf1 Rxc2 40. Qxc2 Qxf3 41. Nbd2 Qf7 42. Nh2 Bh3 43. Qd3 Rc8 44. Nc4 Nxc4 45. Bxc4 Bf8 46. Qd2 Qb7 47. Qe2 Qc7 48. Nf3 Bd7 49. Nxe5 Bg7 50. Nxd7 Qxd7 51. Qg4 Qe8 52. Qe6+ Qxe6 53. dxe6 Bc3+ 54. Ke2 Kg7 55. Rf1 h3 56. Rf7+ Kh8 57. Kf2 h2 58. Kg2 Be5 59. a5 Re8 60. a6 1-0

[Event "SWE-chT 2223 Elite"]
[Site "Sweden"]
[Date "2022.10.15"]
[Round "2.1"]
[White "Eklund, Joel"]
[Black "Cederstam Barsk, Carl"]
[Result "1-0"]
[WhiteElo "2233"]
[BlackElo "2337"]
[PlyCount "67"]
[EventDate "2022.10.14"]
[EventType "team-tourn"]
[EventRounds "9"]
[EventCountry "SWE"]
[SourceTitle "CBM 210 Extra"]
[Source "ChessBase"]
[SourceDate "2022.11.30"]
[SourceVersion "1"]
[SourceVersionDate "2022.11.30"]
[SourceQuality "1"]
[WhiteTeam "Limhamn"]
[BlackTeam "Stockholm CC"]
[WhiteTeamCountry "SWE"]
[BlackTeamCountry "SWE"]

1. d4 d5 2. Bg5 h6 3. Bh4 c5 4. dxc5 g5 5. Bg3 Bg7 6. c3 Nf6 7. Nd2 Nbd7 8. b4 Ne4 9. Nxe4 dxe4 10. Qb3 b6 11. c6 Ne5 12. Bxe5 Bxe5 13. e3 Qd6 14. Bc4 Bg4 15. Ne2 e6 16. b5 Rd8 17. Rd1 Qxd1+ 18. Qxd1 Rxd1+ 19. Kxd1 Bxc3 20. Kc2 Be5 21. Nc3 Bf5 22. Rd1 0-0 23. Rd7 Bxh2 24. g3 h5 25. c7 Kg7 26. Rd8 e5 27. Bd5 h4 28. gxh4 gxh4 29. Bb7 Bg1 30. Rxf8 h3 31. Bxe4 h2 32. c8Q h1Q 33. Rg8+ Kf6 34. Qxf5+ 1-0

[Event "SWE-chB"]
[Site "Uppsala"]
[Date "2022.07.09"]
[Round "8"]
[White "Cederstam Barsk, Carl"]
[Black "Furhoff, Johan"]
[Result "1/2-1/2"]
[WhiteElo "2332"]
[BlackElo "2348"]
[PlyCount "92"]
[EventDate "2022.07.02"]
[EventType "tourn"]
[EventRounds "9"]
[EventCountry "SWE"]
[EventCategory "5"]
[SourceTitle "CBM 209 Extra"]
[Source "ChessBase"]
[SourceDate "2022.09.30"]
[SourceVersion "1"]
[SourceVersionDate "2022.09.30"]
[SourceQuality "1"]

1. Nf3 d5 2. d4 Nf6 3. c4 c6 4. Nc3 e6 5. Bg5 h6 6. Bxf6 Qxf6 7. e3 Nd7 8. Bd3 g6 9. 0-0 Bg7 10. a4 0-0 11. a5 Qe7 12. Qb3 Rb8 13. Rfd1 b6 14. axb6 axb6 15. Ra7 Bb7 16. e4 dxe4 17. Bxe4 f5 18. Bc2 c5 19. d5 e5 20. d6 Qd8 21. Nd5 Kh7 22. Ne7 Bf6 23. Qb5 Rf7 24. Ba4 e4 25. Qxd7 Qxd7 26. Bxd7 exf3 27. Bc6 Bxe7 28. dxe7 Rxe7 29. gxf3 Rg7 30. Rd7 Rxd7 31. Bxd7 Kg8 32. Kg2 f4 33. h4 Kf8 34. Bb5 h5 35. Bd7 Bc8 36. Rc7 Bxd7 37. Rxd7 b5 38. Rh7 Rb6 39. Rc7 bxc4 40. Rxc5 Rb4 41. Rc7 Kg8 42. Kf1 Kf8 43. Ke1 Kg8 44. Kf1 Kf8 45. Ke1 Kg8 46. Kf1 Kf8 1/2-1/2

[Event "SWE-chB"]
[Site "Uppsala"]
[Date "2022.07.03"]
[Round "2"]
[White "Cederstam Barsk, Carl"]
[Black "Andersson, Tommy"]
[Result "1/2-1/2"]
[WhiteElo "2332"]
[BlackElo "2384"]
[PlyCount "92"]
[EventDate "2022.07.02"]
[EventType "tourn"]
[EventRounds "9"]
[EventCountry "SWE"]
[EventCategory "5"]
[SourceTitle "CBM 209 Extra"]
[Source "ChessBase"]
[SourceDate "2022.09.30"]
[SourceVersion "1"]
[SourceVersionDate "2022.09.30"]
[SourceQuality "1"]

1. e4 c5 2. Nf3 d6 3. d4 cxd4 4. Nxd4 Nf6 5. Nc3 a6 6. Be2 e6 7. 0-0 Be7 8. Be3 0-0 9. Qd2 Qc7 10. a4 b6 11. f4 Bb7 12. Bf3 Nbd7 13. g4 Nc5 14. Qg2 d5 15. exd5 Nxd5 16. Nxd5 exd5 17. Nf5 Ne4 18. Nxe7+ Qxe7 19. Bd4 b5 20. axb5 axb5 21. Qe2 Bc6 22. Qe3 Rfe8 23. b3 Qd7 24. Rxa8 Bxa8 25. Re1 h6 26. Re2 Bc6 27. Bb2 f6 28. Qd4 Qc7 29. Bc1 Kh7 30. Kg2 Bb7 31. Qd3 Qc6 32. Bb2 b4 33. Bxe4+ Rxe4 34. Rxe4 dxe4 35. Qc4 Qd7 36. Qe2 f5 37. gxf5 Qxf5 38. Qe3 Qh5 39. Kg3 Qg6+ 40. Kf2 Qc6 41. c4 bxc3 42. Bxc3 Qg6 43. Qg3 Qf7 44. Ke3 g6 45. f5 gxf5 46. Qe5 f4+ 1/2-1/2

[Event "SWE-chB"]
[Site "Uppsala"]
[Date "2022.07.02"]
[Round "1"]
[White "Johansson, Jan"]
[Black "Cederstam Barsk, Carl"]
[Result "0-1"]
[WhiteElo "2306"]
[BlackElo "2332"]
[PlyCount "83"]
[EventDate "2022.07.02"]
[EventType "tourn"]
[EventRounds "9"]
[EventCountry "SWE"]
[EventCategory "5"]
[SourceTitle "CBM 209 Extra"]
[Source "ChessBase"]
[SourceDate "2022.09.30"]
[SourceVersion "1"]
[SourceVersionDate "2022.09.30"]
[SourceQuality "1"]

1. d4 d5 2. Nf3 e6 3. c4 a6 4. e3 Nf6 5. Nc3 Nbd7 6. cxd5 exd5 7. Bd3 Bd6 8. 0-0 0-0 9. Bd2 b6 10. e4 dxe4 11. Nxe4 Be7 12. Re1 Bb7 13. Ng3 Re8 14. Bc4 b5 15. Qb3 bxc4 16. Qxb7 Qb8 17. Qc6 Qb5 18. Qxc7 Rac8 19. Qa5 Qxb2 20. Nf5 Bf8 21. Reb1 Qc2 22. Ne3 Qd3 23. Rd1 Ne4 24. Be1 Qa3 25. Qf5 Ndf6 26. Ne5 c3 27. Rdc1 Qa4 28. Nc2 Red8 29. g4 Nd6 30. Qf3 Nfe4 31. Qf4 Be7 32. Nf3 Rb8 33. Ne3 g5 34. Qe5 Bf6 35. Qd5 Rb5 36. Qc6 Rc8 37. Qd7 Rd8 38. Qc6 Rc8 39. Qd7 Qa5 40. Rab1 Rc7 41. Rxb5 axb5 42. Nd5 0-1

[Event "SWE-chT 2122 Elite"]
[Site "Sweden"]
[Date "2022.05.14"]
[Round "8.5"]
[White "Cederstam Barsk, Carl"]
[Black "Rydstrom, Tom"]
[Result "1-0"]
[WhiteElo "2368"]
[BlackElo "2300"]
[PlyCount "53"]
[EventDate "2021.12.03"]
[EventType "team-tourn"]
[EventRounds "9"]
[EventCountry "SWE"]
[SourceTitle "EXT 2023"]
[Source "ChessBase"]
[SourceDate "2022.10.05"]
[SourceVersion "1"]
[SourceVersionDate "2022.10.05"]
[SourceQuality "1"]
[WhiteTeam "Stockholm CC"]
[BlackTeam "Vaxjo"]
[WhiteTeamCountry "SWE"]
[BlackTeamCountry "SWE"]

1. Nf3 d5 2. g3 c6 3. Bg2 Bg4 4. c4 e6 5. 0-0 Nd7 6. d3 Bd6 7. Qc2 Ne7 8. Nc3 0-0 9. e4 a6 10. cxd5 cxd5 11. exd5 exd5 12. Bg5 Rc8 13. Qd2 f6 14. Bf4 Bb4 15. a3 Ba5 16. b4 Bb6 17. Rac1 Re8 18. Qa2 Be6 19. Na4 Ba7 20. Rfe1 Bf7 21. Rxc8 Nxc8 22. Rxe8+ Qxe8 23. d4 Qe4 24. Nc3 Qd3 25. Qd2 Qc4 26. Bf1 Qb3 27. Qc1 1-0

[Event "SWE-chT 2122 Elite"]
[Site "Sweden"]
[Date "2022.03.19"]
[Round "4.5"]
[White "Krantz, Christopher"]
[Black "Cederstam Barsk, Carl"]
[Result "1/2-1/2"]
[WhiteElo "2245"]
[BlackElo "2368"]
[PlyCount "109"]
[EventDate "2021.12.03"]
[EventType "team-tourn"]
[EventRounds "9"]
[EventCountry "SWE"]
[SourceTitle "EXT 2023"]
[Source "ChessBase"]
[SourceDate "2022.10.05"]
[SourceVersion "1"]
[SourceVersionDate "2022.10.05"]
[SourceQuality "1"]
[WhiteTeam "Eksjo"]
[BlackTeam "Stockholm CC"]
[WhiteTeamCountry "SWE"]
[BlackTeamCountry "SWE"]

1. d4 d5 2. Bf4 c5 3. e3 Nf6 4. Nf3 Nc6 5. Nbd2 e6 6. c3 Bd6 7. Bg3 0-0 8. Bd3 Re8 9. Ne5 Ne7 10. 0-0 Nf5 11. Bf4 h6 12. h3 a6 13. Qf3 Qc7 14. g4 Nh4 15. Qe2 Nd7 16. Bg3 f6 17. Bxh4 fxe5 18. Bg6 Rf8 19. g5 exd4 20. cxd4 e5 21. gxh6 Nf6 22. dxc5 Bxc5 23. Rac1 Qd6 24. Kh1 Qe6 25. Qf3 Bd6 26. hxg7 Kxg7 27. Rg1 Ng4 28. Bf5 Qxf5 29. Qxf5 Bxf5 30. hxg4 Bd7 31. Kg2 Rh8 32. Bg3 Bxg4 33. Bxe5+ Bxe5 34. Kf1 Kf6 35. Rxg4 Rh1+ 36. Rg1 Rxg1+ 37. Kxg1 Bxb2 38. Rb1 Bc3 39. Rb6+ Ke5 40. Nf3+ Ke4 41. Ng5+ Kd3 42. Kf1 d4 43. exd4 Bxd4 44. Rxb7 a5 45. Ne6 Ba1 46. Nc5+ Kc4 47. Nd7 Re8 48. Rb1 Bd4 49. Nb6+ Kc3 50. Rb3+ Kc2 51. Nc4 Rf8 52. Ne3+ Kd2 53. Nc4+ Kc2 54. Ne3+ Kd2 55. Nc4+ 1/2-1/2

[Event "SWE-chT 2122 Elite"]
[Site "Sweden"]
[Date "2021.12.04"]
[Round "1.1"]
[White "Nilsson, Andre"]
[Black "Cederstam Barsk, Carl"]
[Result "0-1"]
[WhiteElo "2266"]
[BlackElo "2368"]
[PlyCount "108"]
[EventDate "2021.12.03"]
[EventType "team-tourn"]
[EventRounds "9"]
[EventCountry "SWE"]
[SourceTitle "EXT 2023"]
[Source "ChessBase"]
[SourceDate "2022.10.05"]
[SourceVersion "1"]
[SourceVersionDate "2022.10.05"]
[SourceQuality "1"]
[WhiteTeam "Vasteras"]
[BlackTeam "Stockholm CC"]
[WhiteTeamCountry "SWE"]
[BlackTeamCountry "SWE"]

1. g3 d5 2. Bg2 Nf6 3. Nf3 e6 4. 0-0 c5 5. d3 Nc6 6. Nbd2 Bd6 7. e4 0-0 8. Re1 Qc7 9. c3 b6 10. Qe2 Nd7 11. b3 Ba6 12. Bb2 Rad8 13. c4 d4 14. h3 Rde8 15. Nh2 Nb4 16. Ndf1 Ne5 17. Red1 b5 18. a3 Nbxd3 19. Rxd3 bxc4 20. Rdd1 Qb6 21. bxc4 d3 22. Rxd3 Nxd3 23. Qxd3 Qxb2 24. Qxd6 Bxc4 25. Qd1 Rb8 26. Nf3 Bd3 27. Ne1 Bb1 28. Rxb1 Qxb1 29. Qd2 Rfd8 30. Qa5 Rd1 31. Nf3 c4 32. N3d2 Qd3 33. Qxa7 Rd8 34. Qa4 Qxd2 35. Qxc4 Qd4 36. Qb5 Qd3 37. Qc5 Ra1 38. a4 Qd4 39. Qc7 Qd7 40. Qb6 Qd4 41. Qc7 Qd6 42. Qc3 Qa3 43. Qc7 Rdd1 44. Qc6 Qd6 45. Qb5 Qd7 46. Qb8+ Qd8 47. Qb5 Ra2 48. Bf3 Rda1 49. Kg2 Rxa4 50. Ne3 Ra5 51. Qb4 R1a4 52. Qb7 h5 53. Qc6 Ra2 54. Nc4 Qd4 0-1